Sports Quiz

Random Sports or Football Quiz

The Wide World of Simpsons Sports Quiz Stats

 Plays Quiz Updated Nov 4, 2017

Score 0/20 Timer 05:00
4 Plays Today
% Correct
Golf
97.6%
Cycling
97.3%
Swimming
97.2%
Skiing
97%
Football
96.9%
Running
96.9%
Basketball
96.8%
Tennis
96.7%
Surfing
96.7%
Bowling
96.7%
% Correct
Gymnastics
96.7%
Soccer
96.6%
Karate
96.3%
Boxing
96%
Curling
96%
Rowing
95.9%
Fencing
95.8%
Softball
94.6%
Wrestling
94.4%
Hockey
94%

You're not logged in!

Compare scores with friends on all Sporcle quizzes.
OR
Log In

You Might Also Like...

Show Comments

Extras

Top Quizzes Today


Score Distribution

Your Account Isn't Verified!

In order to create a playlist on Sporcle, you need to verify the email address you used during registration. Go to your Sporcle Settings to finish the process.

Report this User

Report this user for behavior that violates our Community Guidelines.

Details: